| 000 | 01226cam a2200325 i 4500 | ||
|---|---|---|---|
| 001 | 18824527 | ||
| 003 | OSt | ||
| 005 | 20240219112723.0 | ||
| 008 | 151020s2016 nyu b 001 0 eng | ||
| 010 | _a 2015041208 | ||
| 020 | _a9781138904033 (hb : alk. paper) | ||
| 020 | _a9781138904057 (pb : alk. paper) | ||
| 020 | _z9781315696553 (ebook) | ||
| 040 |
_aDLC _beng _cDLC _erda _dDLC |
||
| 042 | _apcc | ||
| 050 | 0 | 0 |
_aTH4860 _b.J36 2016 |
| 082 | 0 | 0 |
_a728.047 _223 _bJAM |
| 100 | 1 |
_aJames, Mary, _d1956- _eauthor. _9120686 |
|
| 245 | 1 | 0 |
_aPassive house in different climates : _bthe path to net zero / _cMary James and James Bill. |
| 260 |
_aLondon: _bRoutledge; _c2016. |
||
| 300 |
_avii, 208 pages ; _c29 cm |
||
| 504 | _aIncludes bibliographical references (pages 203-204) and index. | ||
| 650 | 0 |
_aEcological houses _xDesign and construction. _990652 |
|
| 650 | 0 |
_aSustainable architecture _xDesign and construction. _9120687 |
|
| 650 | 0 |
_aArchitecture and climate. _99437 |
|
| 700 | 1 |
_aBill, James, _eauthor. _9120688 |
|
| 906 |
_a7 _bcbc _corignew _d1 _eecip _f20 _gy-gencatlg |
||
| 942 |
_2ddc _cBK _aSADA _k728.047 JAM |
||
| 999 |
_c607840 _d607840 |
||